000 00313nam a22001337a 4500
008 170412b xxu||||| |||| 00| 0 eng d
020 _ax0007oy14v
041 _aeng
080 _a612.39
100 _a10
101 _aSHM
245 _aASSESSMENT AND PLANNING IN HEALTH PROGRAMS
_cHODGES, B,C
942 _2udc
_cBK
999 _c10464
_d10464